Český obchod na cestě do Evropy

Zásadná reštrukturalizácia a modernizácia obchodnej siete v ČR po vstupe veľkých nadnárodných reťazcov. Realitou sa stáva koncentrovaný a internacionalizovaný trh. Postupná stabilizácia trhového postavenia jednotlivých typov predajní a zreteľnejšia profilácia nákupných preferencií. Profilácia segme...

Descrizione completa

Salvato in:
Dettagli Bibliografici
Autore principale: Celer, Čeněk
Natura: Capitolo di libro
Lingua:ceco
Soggetti:
Tags: Aggiungi Tag
Nessun Tag, puoi essere il primo ad aggiungerne!!

MARC

LEADER 00000naa$a2200000$$$4500
001 0005964
005 20231004104251.6
041 0 |a cze 
044 |a CZ 
245 1 0 |a Český obchod na cestě do Evropy  |c aut. Čeněk Celer 
520 |a Zásadná reštrukturalizácia a modernizácia obchodnej siete v ČR po vstupe veľkých nadnárodných reťazcov. Realitou sa stáva koncentrovaný a internacionalizovaný trh. Postupná stabilizácia trhového postavenia jednotlivých typov predajní a zreteľnejšia profilácia nákupných preferencií. Profilácia segmentov. TOP10 najväčších obchodných reťazcov. Regionálne rozdiely. Budúcnosť českého obchodu. 
610 2 0 |a reťazce obchodné 
610 2 0 |a Česko 
610 2 0 |a obchod 
610 2 0 |a hypermarkety 
610 2 0 |a supermarkety 
610 2 0 |a predajne diskontné 
610 2 0 |a správanie spotrebiteľa 
610 2 0 |a zákazníci 
610 2 0 |a obrat obchodný 
610 2 0 |a segmentácia trhu 
610 2 0 |a diferenciácia regionálna 
610 2 0 |a vybavenosť obchodná 
100 1 |a Celer, Čeněk